| 000 | 03480cam a22003614a 4500 | ||
|---|---|---|---|
| 001 | 16709626 | ||
| 005 | 20170105102347.0 | ||
| 008 | 110328s2011 njua b 001 0 eng | ||
| 010 | _a 2011007718 | ||
| 020 | _a9780470666173 (hardback) | ||
| 040 |
_aDLC _cDLC _dDLC |
||
| 042 | _apcc | ||
| 050 | 0 | 0 |
_aTK5105.77 _b.Z46 2011 |
| 082 | 0 | 0 |
_a621.38782 _222 |
| 084 |
_aTEC041000 _2bisacsh |
||
| 100 | 1 | _aZeng, Kai. | |
| 245 | 1 | 0 |
_aMultihop wireless networks : opportunistic routing _bopportunistic routing _cKai Zeng, Wenjing Lou, Ming Li. |
| 260 |
_aNew York _bWiley, _c2011. |
||
| 300 |
_axix, 285 p. : _bill. ; _c24 cm. |
||
| 490 | 0 | _aWiley series on wireless communications and mobile computing. | |
| 504 | _aIncludes bibliographical references and index. | ||
| 520 | _a"This book provides an introduction to opportunistic routing an emerging technology designed to improve the packet forwarding reliability, network capacity and energy efficiency of multihop wireless networksThis book presents a comprehensive background to the technological challenges lying behind opportunistic routing. The authors cover many fundamental research issues for this new concept, including the basic principles, performance limit and performance improvement of opportunistic routing compared to traditional routing, energy efficiency and distributed opportunistic routing protocol design, geographic opportunistic routing, opportunistic broadcasting, and security issues associated with opportunistic routing, etc. Furthermore, the authors discuss technologies such as multi-rate, multi-channel, multi-radio wireless communications, energy detection, channel measurement, etc. The book brings together all the new results on this topic in a systematic, coherent and unified presentation and provides a much needed comprehensive introduction to this topic.Key Features: Addresses opportunistic routing, an emerging technology designed to improve the packet forwarding reliability, network capacity and energy efficiency of multihop wireless networks Discusses the technological challenges lying behind this new technology, and covers a wide range of practical implementation issues Explores many fundamental research issues for this new concept, including the basic principles of opportunistic routing, performance limits and performance improvement, and compares them to traditional routing (e.g. energy efficiency and distributed opportunistic routing protocol design, broadcasting, and security issues) Covers technologies such as multi-rate, multi-channel, multi-radio wireless communications, energy detection, channel measurement, etc. This book provides an invaluable reference for researchers working in the field of wireless networks and wireless communications, and Wireless professionals. Graduate students will also find this book of interest"-- | ||
| 520 | _a"This book presents a comprehensive background to the technological challenges lying behind opportunistic routing"-- | ||
| 650 | 0 | _aAd hoc networks (Computer networks) | |
| 650 | 0 | _aRadio relay systems. | |
| 650 | 7 |
_aTECHNOLOGY & ENGINEERING / Telecommunications _2bisacsh. |
|
| 700 | 1 | _aLou, Wenjing. | |
| 700 | 1 |
_aLi, Ming, _d1985- |
|
| 856 | 4 | 2 |
_3Cover image _uhttp://catalogimages.wiley.com/images/db/jimages/9780470666173.jpg |
| 906 |
_a7 _bcbc _corignew _d1 _eecip _f20 _gy-gencatlg |
||
| 942 |
_2ddc _cBK |
||
| 999 |
_c11762 _d11762 |
||